Principles of communications : systems, modulation and noise (Record no. 172143)

MARC details
000 -LEADER
fixed length control field 00454nam a2200157Ia 4500
008 - FIXED-LENGTH DATA ELEMENTS--GENERAL INFORMATION
fixed length control field 231217s9999 xx 000 0 und d
041 ## - LANGUAGE CODE
Language code of text/sound track or separate title English
082 ## - DEWEY DECIMAL CLASSIFICATION NUMBER
Classification number 621.38 ZIE;3 R
100 ## - MAIN ENTRY--PERSONAL NAME
Personal name Ziemer, R E. Tranter, W H.
245 #0 - TITLE STATEMENT
Title Principles of communications : systems, modulation and noise
250 ## - EDITION STATEMENT
Edition statement 5th ed.
260 ## - PUBLICATION, DISTRIBUTION, ETC.
Date of publication, distribution, etc. 2002
Name of publisher, distributor, etc. John Wiley
Place of publication, distribution, etc. New York
300 ## - PHYSICAL DESCRIPTION
Extent ix+637
650 ## - SUBJECT ADDED ENTRY--TOPICAL TERM
Topical term or geographic name entry element communications:,Systems,,modulation,noise
942 ## - ADDED ENTRY ELEMENTS (KOHA)
Koha item type Books
Holdings
Date last seen Total checkouts Full call number Accession number Cost, total (INR) price Price effective from Category Lost status Damaged status Department Withdrawn status Home library Current library Shelving location Entry date Vendor Cost, normal purchase price Grants Billnumber Billdate Currency symbol Conversion rate Discount Old discount
26/01/2024   621.38 ZIE;3 R 27890 247.47 26/01/2024 Books     Central Library   Central Library Central Library Central Library 05/05/2004 I K International 6.95 TC 112 27/01/2006 USD 47.5 1.74 25
26/01/2024   621.38 ZIE;4 R1 28336 241.74 26/01/2024 Books     Central Library   Central Library Central Library Central Library 22/05/2004 I K International 6.95 IS 200 01/04/2006 USD 46.4 1.74 25

© For any Suggestions or Query, please contact the library staff @ librarian@pes.edu or Phone: +9180 2672 1983/ 2108.